Technically speaking (Record no. 118022)
[ view plain ]
| 000 -LEADER | |
|---|---|
| fixed length control field | 01888cam a2200301 4500 |
| 001 - CONTROL NUMBER | |
| control field | ABS68234 |
| 008 - FIXED-LENGTH DATA ELEMENTS--GENERAL INFORMATION | |
| fixed length control field | 040920n2004 000 0 eng u |
| 035 ## - SYSTEM CONTROL NUMBER | |
| System control number | (Sirsi) u127464 |
| 245 ## - TITLE STATEMENT | |
| Title | Technically speaking |
| 260 ## - PUBLICATION, DISTRIBUTION, ETC. | |
| Date of publication, distribution, etc. | 2004 |
| 490 ## - SERIES STATEMENT | |
| Series statement | RICS Business |
| Volume/sequential designation | September 2004, 29(1) |
| 520 ## - SUMMARY, ETC. | |
| Summary, etc. | Charts the progress of the TechRICS qualification since its launch in late 1998 and looks at its future. After promising growth in the first three years, TechRICS numbers have been declining but the qualification is not going to die out because of new sources of potential applicants. The main growth is likely to be linked to the new certified home inspector qualifications due to come into force in 2007. Some 7 000 home inspectors will be needed to prepare home condition reports. Other sources of technical surveyors will include HM Land Registry, large estate agency chains and the biggest branch of the TechRICS pipeline, the 200 NVQ candidates emerging from assessment centres around the UK. Outside the UK, there is a strong interest in the technical qualification in Hong Kong. Graph covers technical surveyor numbers from 1998 with predictions to 2008. View the article at www.rics.org. |
| 590 ## - LOCAL NOTE (RLIN) | |
| Local note | ABS |
| 590 ## - LOCAL NOTE (RLIN) | |
| Local note | ABS |
| 590 ## - LOCAL NOTE (RLIN) | |
| Local note | ABS |
| 650 ## - SUBJECT ADDED ENTRY--TOPICAL TERM | |
| Topical term or geographic name entry element | HONG KONG |
| 650 ## - SUBJECT ADDED ENTRY--TOPICAL TERM | |
| Topical term or geographic name entry element | HOME INSPECTIONS |
| 650 ## - SUBJECT ADDED ENTRY--TOPICAL TERM | |
| Topical term or geographic name entry element | HOME CONDITION REPORTS |
| 650 ## - SUBJECT ADDED ENTRY--TOPICAL TERM | |
| Topical term or geographic name entry element | RICS |
| 650 ## - SUBJECT ADDED ENTRY--TOPICAL TERM | |
| Topical term or geographic name entry element | TECHNICAL SURVEYORS |
| 650 ## - SUBJECT ADDED ENTRY--TOPICAL TERM | |
| Topical term or geographic name entry element | QUALIFICATIONS |
| 650 ## - SUBJECT ADDED ENTRY--TOPICAL TERM | |
| Topical term or geographic name entry element | TECHRICS |
| 690 ## - LOCAL SUBJECT ADDED ENTRY--TOPICAL TERM (OCLC, RLIN) | |
| Topical term or geographic name as entry element | EDUCATION-CAREERS |
| 856 ## - ELECTRONIC LOCATION AND ACCESS | |
| Uniform Resource Identifier | <a href="https://www.rics.org/RICSWEB/getpage.aspx?p=GB6R7Tg6GEqroGfaDMiSWw==">https://www.rics.org/RICSWEB/getpage.aspx?p=GB6R7Tg6GEqroGfaDMiSWw==</a> |
| Public note | View the article on the RICS website... |
| 856 ## - ELECTRONIC LOCATION AND ACCESS | |
| Uniform Resource Identifier | <a href="https://www.rics.org/RICSWEB/getpage.aspx?p=GB6R7Tg6GEqroGfaDMiSWw==">https://www.rics.org/RICSWEB/getpage.aspx?p=GB6R7Tg6GEqroGfaDMiSWw==</a> |
| Public note | View the article on the RICS website... |
| 856 ## - ELECTRONIC LOCATION AND ACCESS | |
| Uniform Resource Identifier | <a href="https://www.rics.org/RICSWEB/getpage.aspx?p=GB6R7Tg6GEqroGfaDMiSWw==">https://www.rics.org/RICSWEB/getpage.aspx?p=GB6R7Tg6GEqroGfaDMiSWw==</a> |
| Public note | View the article on the RICS website... |
| 942 ## - ADDED ENTRY ELEMENTS (KOHA) | |
| Suppress in OPAC | 0 |
| Withdrawn status | Lost status | Source of classification or shelving scheme | Damaged status | Not for loan | Home library | Current library | Shelving location | Date acquired | Total Checkouts | Full call number | Barcode | Date last seen | Copy number | Price effective from | Koha item type |
|---|---|---|---|---|---|---|---|---|---|---|---|---|---|---|---|
| Dewey Decimal Classification | London | London | Journal article | 20/09/2004 | ABS68234 | 127464-1001 | 06/08/2019 | 1 | 06/08/2019 | Journal article | |||||
| Dewey Decimal Classification | Virtual | Virtual | Online | 05/10/2004 | ONLINE PUBLICATION | 127464-2001 | 06/08/2019 | 1 | 06/08/2019 | Journal article |